000 01481cam a2200445 i 4500
001 51969210
003 OCoLC
005 20240311203854.0
008 020520t20022002nyua b 000 1 spa
010 _a 2002007746
020 _a1932065016
020 _a9781932065015
040 _aDLC
_erda
_cDLC
_dTEF
_dBAKER
_dBTCTA
_dPAP
041 1 _aspa
_heng
042 _apcc
043 _an-us---
082 0 0 _a[Fic]
_221
090 _aJ SPANISH PICTURE BOOK STARR
100 1 _aStarr, Meg.
245 1 3 _aEl dia mas feliz de Alicia /
_cpor Meg Starr ; ilustrado por Ying-hwa Hu & Cornelius Van Wright ; traducido por Maria A. Fiol.
260 _aNew York, N.Y. :
_bStar Bright Books,
_c2002
264 1 _aNew York, N.Y. :
_bStar Bright Books,
_c[2002]
264 4 _c2002.
300 _a1 volume (unpaged) :
_bcolor illustrations ;
_c26 cm.
336 _atext
_btxt
_2rdacontent.
337 _aunmediated
_bn
_2rdamedia.
338 _avolume
_bnc
_2rdacarrier.
520 _aAlicia receives greetings from her Hispanic neighborhood as she walks to her birthday party.
526 0 _aAccelerated Reader AR
_bLG
_c1.7
_d0.5
_z68535.
650 1 _aBirthdays.
650 1 _aParties.
650 1 _aHispanic Americans.
655 0 _aSpanish language materials.
655 0 _aJuvenile literature.
655 0 _aJuvenile fiction.
700 1 _aHu, Ying-Hwa,
_eillustrator.
700 1 _aVan Wright, Cornelius,
_eillustrator.
700 1 _aFiol, Maria A.
942 _cBK
_2ddc
999 _c29058
_d29056